カントーポケモンチマタグラム - Statistics

General Stats
  • This quiz has been taken 106 times
  • The average score is 16 of 20
Answer Stats
問題文 問題文読み できるポケモンの名前 % Correct
いいブーツ いいぶーつ イーブイ
99%
カッシーナ かっしーな ナッシー
96%
アスパラ あすぱら パラス
93%
コーン食う こーんくう コクーン
91%
ガスドーム がすどーむ ドガース
89%
ドラ焼かん どらやかん ヤドラン
89%
空メール からめーる カメール
88%
二万マイル にまんまいる マルマイン
88%
エグい金庫 えぐいきんこ コイキング
86%
中1ら ちゅういちら ライチュウ
86%
うどんつゆ うどんつゆ ウツドン
85%
うどん憎い うどんにくい ニドクイン
81%
パンドラさん ぱんどらさん サンドパン
78%
フラガール ふらがーる ガルーラ
78%
ミュウニヤリ みゅうにやり ミニリュウ
78%
短歌メモ たんかめも メタモン
76%
バード踊り ばーどおどり ドードリオ
76%
古今集 こきんしゅう キュウコン
70%
風刺急ぎ ふうしいそぎ フシギソウ
65%
ライスお得 らいすおとく ストライク
59%
No matching quizzes found
Score Distribution
Percent of People with Each Score
Percentile by Number Answered
Your Score History
You have not taken this quiz